| Tag |
First Indicator |
Second Indicator |
Subfields |
| LEADER |
00000cem a2200000 i 4500 |
| 001 |
in00004032011 |
| 005 |
20220106135811.0 |
| 007 |
aj canzn |
| 008 |
180606s2018 dcubg ca a f 1 eng c |
| 020 |
|
|
|a 9781628115864
|
| 020 |
|
|
|a 1628115866
|
| 034 |
1 |
|
|a a
|b 126720
|d W1190000
|e W1173000
|f N0481500
|g N0461500
|
| 035 |
|
|
|a (OCoLC)on1038800631
|
| 040 |
|
|
|a GPO
|b eng
|e rda
|c GPO
|d OCLCA
|d MvI
|d UtOrBLW
|
| 042 |
|
|
|a pcc
|
| 043 |
|
|
|a n-us---
|a n-us-wa
|
| 049 |
|
|
|a UDOC
|
| 052 |
|
|
|a 4281
|
| 074 |
|
|
|a 0629-B
|
| 086 |
0 |
|
|a I 53.11:C 36/2/2018
|
| 110 |
1 |
|
|a United States.
|b Bureau of Land Management.
|b Spokane District Office,
|e cartographer.
|0 http://id.loc.gov/authorities/names/n85000333
|
| 245 |
1 |
0 |
|a Channeled Scablands /
|c U.S. Department of the Interior, Bureau of Land Management, Spokane District, National Park Service, Lake Roosevelt National Recreation Area.
|
| 246 |
1 |
|
|i Title from verso:
|a Welcome to Washington's Channeled Scablands
|
| 255 |
|
|
|a Scale 1:126,720 ;
|b Albers projection
|c (W 119°00'00"--W 117°30'00"/N 48°15'00"--N 46°15'00").
|
| 264 |
|
1 |
|a [Washington, D.C.] :
|b U.S. Department of Interior, Bureau of Land Management :
|b U.S. Department of Interior, National Park Service :
|b US Fish and Wildlife Service :
|b USDA Forest Service,
|c 2018.
|
| 300 |
|
|
|a 2 maps :
|b both sides, color ;
|c 88 x 97 cm and 65 x 108 cm, on sheet 92 x 112 cm, folded to 10 x 23 cm.
|
| 336 |
|
|
|a cartographic image
|b cri
|2 rdacontent
|
| 337 |
|
|
|a unmediated
|b n
|2 rdamedia
|
| 338 |
|
|
|a sheet
|b nb
|2 rdacarrier
|
| 490 |
1 |
|
|a Pacific Northwest Recreation Map Series
|
| 500 |
|
|
|a Relief shown by shading and spot heights.
|
| 500 |
|
|
|a "Central meridian at 118°15'00"."."
|
| 500 |
|
|
|a "BLM/OR/WA/PL-18/004+1632."
|
| 500 |
|
|
|a Shipping list number: 2018-0270-P.
|
| 500 |
|
|
|a "This map was constructed in 2017, from U.S.G.S. 1:100,000 DLGs, Bureau of Land Management and Forest Service corporate data."
|
| 500 |
|
|
|a Includes text, index to topographic maps, location map, and color illustrations.
|
| 500 |
|
|
|a Text, area of interest, recreation information, and color illustrations on verso.
|
| 505 |
0 |
|
|a North half -- South half.
|
| 610 |
1 |
0 |
|a United States.
|b Bureau of Land Management.
|b Spokane District Office
|v Maps.
|
| 650 |
|
0 |
|a Tourist maps.
|0 http://id.loc.gov/authorities/subjects/sh85080873
|
| 650 |
|
0 |
|a National parks and reserves
|z Washington (State)
|z Lake Roosevelt National Recreation Area
|v Maps.
|
| 650 |
|
0 |
|a National parks and reserves
|z Washington (State)
|z Colville National Forest
|v Maps.
|
| 651 |
|
0 |
|a Lake Roosevelt National Recreation Area (Wash.)
|v Maps.
|
| 651 |
|
0 |
|a Colville National Forest (Wash.)
|v Maps.
|
| 655 |
|
7 |
|a Maps.
|2 lcgft
|0 http://id.loc.gov/authorities/genreForms/gf2011026387
|
| 655 |
|
7 |
|a Topographic maps.
|2 lcgft
|0 http://id.loc.gov/authorities/genreForms/gf2011026697
|
| 710 |
2 |
|
|a Lake Roosevelt National Recreation Area (Agency : U.S.),
|e cartographer.
|0 http://id.loc.gov/authorities/names/no2012144496
|
| 710 |
2 |
|
|a U.S. Fish and Wildlife Service.
|0 http://id.loc.gov/authorities/names/n79006435
|
| 710 |
1 |
|
|a United States.
|b Forest Service.
|0 http://id.loc.gov/authorities/names/n79054932
|
| 830 |
|
0 |
|a Pacific Northwest recreation map series.
|0 http://id.loc.gov/authorities/names/no2011105105
|
| 999 |
f |
f |
|s 7ae88ed9-2540-3e60-a3e0-8d7daea15aea
|i aa138216-b012-3649-b939-74f341953daf
|t 0
|
| 952 |
f |
f |
|p normal
|a Texas A&M University
|b College Station
|c Sterling C. Evans Library
|d Evans: Maps File (2nd floor)
|t 0
|e I 53.11:C 36/2/2018
|h Superintendent of Documents classification
|i unmediated -- sheet
|k 2018
|m A14842707045
|
| 998 |
f |
f |
|a I 53.11:C 36/2/2018
|t 0
|l Evans: Maps File (2nd floor)
|